000 01056nam a22003017a 4500
999 _c21475
_d21475
003 AR-CdUCM
008 190220b ||||| |||| 00| 0 spa d
020 _a9789972510953
040 _aMUNICIPALIDAD PROVINCIAL DEL CUSCO
_cBIBLIOTECA MUNICIPAL DEL CUSCO
082 _a985/K59
_bK59
100 _aKlarén, Peter F
_944947
245 _aNación y sociedad en la historia del Perú /
_cPeter F. Klarén ; traducción de Javier Flores.
260 _aLima :
_bInstituto de Estudios Peruanos, IEP,
_c2014.
300 _a593 páginas. :
_bilustraciones ;
_c22 cm.
440 _aSerie Estudios Históricos,
_n36.
_944948
500 _zIncluye referencias bibliográficas
650 _aHistoria social
_92972
650 _aHistoria
_944949
650 _aPolítica y gobierno
_92693
650 _aÉpoca prehispánica
_92714
650 _aÉpoca colonial
_944950
650 _aIndependencia
_9625
650 _aRepública
_9831
650 _aPerú
_944951
710 _aInstituto de Estudios Peruanos (Lima)
_99759
942 _2ddc
_cLIBROS
945 _aRoel